000 00530nam a2200229Ia 4500
005 20250425160758.0
008 250425s9999 xx 000 0 und d
020 _a0408702869
041 _aeng
082 _a541.3453
100 _aPONEC, WLADIMIR
245 0 _aADSORPTION ON SOLIDS
250 _a1TH ED.
260 _aLONDON
260 _aReino Unido
_bBUTTERWORTH
_c1974
300 _a693
650 _aABSORCION DE SOLIDOS
700 _aCERNY, SLAVOJ
700 _aKNOR, ZLATKO
942 _c01
010 _a5050
999 _c195991
_d195991